Catholic University of Zimbabwe Library
Online Public Access Catalogue
(OPAC)

The government and politics of Britain (Record no. 44743)

MARC details
000 -LEADER
fixed length control field 00707cam a2200241 4500
001 - CONTROL NUMBER
control field 2683336
008 - FIXED-LENGTH DATA ELEMENTS--GENERAL INFORMATION
fixed length control field 740823s1974 enk b 001 0 eng
020 ## - INTERNATIONAL STANDARD BOOK NUMBER
International Standard Book Number 091184819
040 ## - CATALOGING SOURCE
Original cataloging agency DLC
Transcribing agency CUZ
Modifying agency DLC
Language of cataloging eng
Description conventions rda
050 00 - LIBRARY OF CONGRESS CALL NUMBER
Classification number JN234
Item number MAC
100 1# - MAIN ENTRY--PERSONAL NAME
Personal name Mackintosh, John Pitcairn,
Dates associated with a name 1929-
245 14 - TITLE STATEMENT
Title The government and politics of Britain
Statement of responsibility, etc. [by] John P. Mackintosh.
250 ## - EDITION STATEMENT
Edition statement 3rd revised ed.
264 ## - PRODUCTION, PUBLICATION, DISTRIBUTION, MANUFACTURE, AND COPYRIGHT NOTICE
Place of production, publication, distribution, manufacture London :
Name of producer, publisher, distributor, manufacturer Hutchinson,
Date of production, publication, distribution, manufacture, or copyright notice 1974.
300 ## - PHYSICAL DESCRIPTION
Extent 224 pages.
Dimensions 23 cm.
500 ## - GENERAL NOTE
General note Includes index.
651 #0 - SUBJECT ADDED ENTRY--GEOGRAPHIC NAME
Geographic name Great Britain
942 ## - ADDED ENTRY ELEMENTS (KOHA)
Koha item type OS Book
336 ## - CONTENT TYPE
Content type term text
Content type code txt
337 ## - MEDIA TYPE
Media type term unmediated
Media type code n
338 ## - CARRIER TYPE
Source rdacarrier
Holdings
Withdrawn status Lost status Source of classification or shelving scheme Damaged status Not for loan Collection code Home library Current library Date acquired Source of acquisition Inventory number Total Checkouts Full call number Barcode Date last seen Price effective from Koha item type
          Non-fiction CUZ Harare Campus CUZ Harare Campus 26.06.2023 Donation CUZ   JN234 MAC BK009687 22.05.2025 26.06.2023 OS Book

OPENING HOURS

Weekdays: 0815hrs - 1800hrs
Weekends:0900hrs - 1200hrs

Closed for Mass:

Mon, Thur: 1200hrs - 1300hrs
Sunday & Public Holiday’s

CALL SUPPORT

0242-570570, 0242-570169
09200664, +263 8644140602

LOCATION

18443, Cranborne Avenue, Hatfield, Harare

Other Links


©2021 | CUZ Library